| 000 | 01386 a2200241 4500 | ||
|---|---|---|---|
| 003 | Nust | ||
| 005 | 20230526122243.0 | ||
| 010 | _a 91046638 | ||
| 020 | _a0070194319 | ||
| 040 | _cNust | ||
| 082 | 0 | 0 | _a808.0666,EIS |
| 100 | 1 |
_aEisenberg, Anne _959807 |
|
| 245 | 1 | 0 |
_aEffective technical communication / _cAnne Eisenberg. |
| 250 | _a2nd ed. | ||
| 260 |
_aNew York : _bMcGraw-Hill, _cc1992. |
||
| 300 |
_axvi, 400 p. : _bill. ; _c24 cm. |
||
| 505 | _aIntroduction to the Technical Writing Process (Page-1), Composing and Editing Strategies in the Technical Writing Process (Page-17), Editing for Style (Page-47), Editing for Lapses in Grammar, Punctuation, and Mechanics (Page-66), Using Graphics (Page-80), Interviewing (Page-114), Using the Library (Page-125), Writing Descriptions and Definitions (Page-147), Writing Instructions (Page-174), Letters and Job-Related Correspondence (Page-194), Abstracts and Summaries (Page-230), Memos and Memo Reports (Page-247), Writing Longer Reports (Page-273), Writing Proposals (Page-308), Preparing and Giving a Technical Talk (Page-332). | ||
| 650 | 0 |
_aCommunication of technical information. _925586 |
|
| 650 | 0 | _aTechnical writing. | |
| 856 | 4 | 2 |
_3Publisher description _uhttp://www.loc.gov/catdir/description/mh022/91046638.html |
| 856 | 4 | 2 |
_3Table of contents _uhttp://www.loc.gov/catdir/toc/mh021/91046638.html |
| 942 |
_2ddc _cBK |
||
| 999 |
_c188349 _d188349 |
||